[Event "Zalakaros Barczay Memorial"]
[Site "Zalakaros"]
[Date "2023.06.06"]
[Round "4"]
[White "Horvath, Adam"]
[Black "Ianov, Viktor"]
[Result "1-0"]
[WhiteElo "2472"]
[BlackElo "2228"]
[PlyCount "73"]
[EventDate "2023.06.03"]
[EventType "swiss"]
[EventRounds "9"]
[EventCountry "HUN"]
[SourceTitle "CBM 214 Extra"]
[Source "ChessBase"]
[SourceDate "2023.07.31"]
[SourceVersion "1"]
[SourceVersionDate "2023.07.31"]
[SourceQuality "1"]

1. e4 c6 2. d4 g6 3. Nc3 Bg7 4. Be3 Qb6 5. Rb1 d6 6. h3 Nf6 7. Nf3 0-0 8. Be2 Qc7 9. a4 a5 10. 0-0 Na6 11. Qd2 Nb4 12. Rbd1 Rd8 13. Nh2 d5 14. e5 Ne4 15. Nxe4 dxe4 16. c3 Nd5 17. Bh6 f5 18. f3 exf3 19. Nxf3 Be6 20. Qg5 Kh8 21. Bxg7+ Kxg7 22. Nh4 Qd7 23. Bh5 Qe8 24. c4 Nc7 25. Rd3 Rd7 26. Rg3 Bf7 27. d5 cxd5 28. Nxf5+ Kh8 29. Nh6 Be6 30. Bg4 dxc4 31. Rgf3 Rc8 32. h4 Bxg4 33. e6 Nxe6 34. Qe5+ Ng7 35. Rf7 Qg8 36. Nxg8 Rxg8 37. Rxg7 1-0

[Event "Zalakaros Barczay Memorial"]
[Site "Zalakaros"]
[Date "2023.06.05"]
[Round "3"]
[White "Ianov, Viktor"]
[Black "Toth, Nikoletta"]
[Result "1-0"]
[WhiteElo "2228"]
[BlackElo "1775"]
[PlyCount "83"]
[EventDate "2023.06.03"]
[EventType "swiss"]
[EventRounds "9"]
[EventCountry "HUN"]
[SourceTitle "CBM 214 Extra"]
[Source "ChessBase"]
[SourceDate "2023.07.31"]
[SourceVersion "1"]
[SourceVersionDate "2023.07.31"]
[SourceQuality "1"]

1. Nf3 d5 2. g3 Nf6 3. Bg2 c6 4. 0-0 Bg4 5. h3 Bh5 6. d3 e6 7. Nbd2 Be7 8. b3 0-0 9. Bb2 Nbd7 10. c4 a5 11. a3 h6 12. Rc1 Re8 13. Rc2 Bd6 14. Qa1 e5 15. cxd5 cxd5 16. e4 d4 17. Rfc1 b6 18. Rc4 Bxf3 19. Bxf3 Qe7 20. h4 Nc5 21. Be2 Qe6 22. Qb1 g5 23. hxg5 hxg5 24. b4 axb4 25. axb4 Na4 26. Ba1 b5 27. Rc6 Kg7 28. Nf3 Kg6 29. Qc2 Nd7 30. Qd2 f6 31. Nh2 Qe7 32. Bg4 Bxb4 33. Qe2 Rh8 34. Bf5+ Kg7 35. Bxd7 Bc3 36. Bf5 Qa3 37. Rc7+ Kf8 38. Qd1 Nb2 39. Bxb2 Qxb2 40. Ng4 b4 41. Rb1 Qa2 42. Nxf6 1-0

[Event "Kiev Spring op"]
[Site "Kiev"]
[Date "2023.03.29"]
[Round "6"]
[White "Ianov, Viktor"]
[Black "Nikitin, Bogdan"]
[Result "1/2-1/2"]
[WhiteElo "2248"]
[BlackElo "1883"]
[PlyCount "116"]
[EventDate "2023.03.25"]
[EventType "swiss"]
[EventRounds "9"]
[EventCountry "UKR"]
[SourceTitle "EXT 2024"]
[Source "ChessBase"]
[SourceDate "2023.10.10"]
[SourceVersion "1"]
[SourceVersionDate "2023.10.10"]
[SourceQuality "1"]

1. Nf3 f5 2. g3 d6 3. d4 Nf6 4. Bg2 g6 5. 0-0 Bg7 6. b3 0-0 7. Bb2 Ne4 8. Nbd2 c5 9. e3 Nc6 10. c3 Nxd2 11. Nxd2 cxd4 12. cxd4 e5 13. d5 Ne7 14. e4 f4 15. Rc1 b5 16. Qc2 Bh6 17. Qd3 Bd7 18. Rc2 Qb6 19. b4 a5 20. a3 Rac8 21. Rxc8 Rxc8 22. Bc3 a4 23. Bb2 Rc7 24. Rc1 Rxc1+ 25. Bxc1 Qc7 26. Bb2 Nc8 27. Bf1 Nb6 28. Qc3 Qxc3 29. Bxc3 Kf7 30. Bd3 fxg3 31. hxg3 Bxd2 32. Bxd2 Nc4 33. Bc1 Kf6 34. Kg2 h5 35. Be2 Bc8 36. Kf1 Bd7 37. Ke1 Bg4 38. f3 Bd7 39. Bxc4 bxc4 40. f4 Bb5 41. Bb2 g5 42. fxe5+ dxe5 43. Kf2 Bd7 44. Ke3 Bb5 45. Bc3 Bd7 46. Be1 Bb5 47. Kd2 Ke7 48. Bf2 Kf6 49. Bb6 Ke7 50. Bc7 Kf6 51. Bd8+ Kg6 52. Bc7 Kf6 53. Bb6 Ke7 54. Bf2 Kf6 55. Kc3 Ba6 56. Be1 Bb5 57. Kd2 Kg6 58. Ke3 Kf6 1/2-1/2

[Event "Titled Tuesday intern op 11th Oct Early"]
[Site "Chess.com INT"]
[Date "2022.10.11"]
[Round "8"]
[White "Ianov, Viktor"]
[Black "Arabidze, Meri"]
[Result "0-1"]
[WhiteElo "2251"]
[BlackElo "2422"]
[PlyCount "140"]
[EventDate "2022.10.11"]
[EventType "swiss (blitz)"]
[EventRounds "11"]
[EventCountry "USA"]
[SourceTitle "EXT 2024"]
[Source "ChessBase"]
[SourceDate "2023.10.10"]
[SourceVersion "1"]
[SourceVersionDate "2023.10.10"]
[SourceQuality "1"]

1. Nf3 c5 2. g3 g6 3. Bg2 Bg7 4. c4 Nc6 5. Nc3 d6 6. 0-0 e5 7. d3 Nge7 8. Bg5 f6 9. Bd2 0-0 10. a3 a5 11. Rb1 Kh8 12. Ne1 f5 13. Nc2 f4 14. b4 axb4 15. axb4 cxb4 16. Nxb4 Bg4 17. h3 Be6 18. Nbd5 Rb8 19. e3 f3 20. Bxf3 Bxh3 21. Bg2 Qd7 22. Nxe7 Nxe7 23. Ne4 Bxg2 24. Kxg2 d5 25. cxd5 Nxd5 26. Qb3 Nf6 27. Bb4 Nxe4 28. Bxf8 Nd2 29. Bxg7+ Qxg7 30. Qd5 Nxf1 31. Kxf1 Qc7 32. Rb5 Kg7 33. Qxe5+ Qxe5 34. Rxe5 b5 35. Ke2 b4 36. Kd1 b3 37. Kc1 Rc8+ 38. Kb1 Rc2 39. f4 Rg2 40. Re7+ Kg8 41. g4 Rxg4 42. Kb2 h5 43. Kxb3 h4 44. Rc7 Rg3 45. Rc1 Rxe3 46. Kc4 h3 47. Kd4 Re2 48. Rh1 h2 49. Kc4 Kf7 50. d4 Ke6 51. d5+ Kd6 52. Kd3 Rg2 53. Ke4 Rf2 54. Ke3 Ra2 55. Ke4 Rb2 56. Kd4 Rb4+ 57. Ke3 Kxd5 58. Kf3 Rb2 59. Kg3 Ke4 60. Rxh2 Rxh2 61. Kxh2 Kxf4 62. Kg2 Kg4 63. Kf2 Kf4 64. Kg2 Kg4 65. Kh2 Kf3 66. Kg1 Kg3 67. Kf1 g5 68. Kg1 g4 69. Kh1 Kf2 70. Kh2 g3+ 0-1

[Event "Titled Tuesday intern op 11th Oct Early"]
[Site "Chess.com INT"]
[Date "2022.10.11"]
[Round "6"]
[White "Ianov, Viktor"]
[Black "Sovetbekova, Nurai"]
[Result "1-0"]
[WhiteElo "2251"]
[BlackElo "2025"]
[PlyCount "71"]
[EventDate "2022.10.11"]
[EventType "swiss (blitz)"]
[EventRounds "11"]
[EventCountry "USA"]
[SourceTitle "EXT 2024"]
[Source "ChessBase"]
[SourceDate "2023.10.10"]
[SourceVersion "1"]
[SourceVersionDate "2023.10.10"]
[SourceQuality "1"]

1. Nf3 Nf6 2. g3 g6 3. b3 Bg7 4. Bb2 0-0 5. Bg2 c5 6. c4 d6 7. d4 Qa5+ 8. Bc3 Qb6 9. dxc5 dxc5 10. 0-0 Nc6 11. Nbd2 Rd8 12. Qc1 Nd4 13. Re1 Qc7 14. e3 Nxf3+ 15. Nxf3 Bf5 16. Qb2 Be4 17. Rad1 Qc6 18. Ne5 Qe6 19. f3 Bc6 20. Nxc6 Qxc6 21. f4 Qe6 22. Be5 Nh5 23. Bxb7 Rxd1 24. Rxd1 Rf8 25. Bd5 Qg4 26. Rf1 e6 27. Bf3 Qh3 28. Qg2 Qxg2+ 29. Kxg2 Bxe5 30. fxe5 Ng7 31. Rd1 Nf5 32. Kf2 h5 33. Rd7 a5 34. Be4 Nh6 35. h3 Ra8 36. Bxa8 1-0

[Event "Titled Tuesday intern op 11th Oct Early"]
[Site "Chess.com INT"]
[Date "2022.10.11"]
[Round "11"]
[White "Ianov, Viktor"]
[Black "Sowul, Bartosz"]
[Result "0-1"]
[WhiteElo "2251"]
[BlackElo "2269"]
[PlyCount "86"]
[EventDate "2022.10.11"]
[EventType "swiss (blitz)"]
[EventRounds "11"]
[EventCountry "USA"]
[SourceTitle "EXT 2024"]
[Source "ChessBase"]
[SourceDate "2023.10.10"]
[SourceVersion "1"]
[SourceVersionDate "2023.10.10"]
[SourceQuality "1"]

1. Nf3 c5 2. g3 Nc6 3. Bg2 e5 4. c4 Nge7 5. Nc3 g6 6. d3 Bg7 7. Bg5 h6 8. Bxe7 Nxe7 9. 0-0 0-0 10. a3 d5 11. cxd5 Nxd5 12. Rc1 Nxc3 13. bxc3 Qa5 14. Qb3 Be6 15. c4 Rab8 16. a4 a6 17. Qc2 Bd7 18. Nd2 Qxa4 19. Ne4 Qa5 20. Ra1 Qc7 21. Nc3 Be6 22. Nd5 Bxd5 23. Bxd5 e4 24. Ra2 exd3 25. Qxd3 Kh7 26. h4 h5 27. Qf3 Kh8 28. Rb1 b5 29. Rxa6 b4 30. e3 Rb6 31. Rxb6 Qxb6 32. Qd1 Qa5 33. Kg2 Rd8 34. Qc2 Rd7 35. Qe4 Qd8 36. g4 hxg4 37. Qxg4 Rxd5 38. cxd5 Qxd5+ 39. Qf3 Qe6 40. h5 b3 41. Rh1 g5 42. Rd1 Bf6 43. Qb7 b2 0-1

[Event "Titled Tuesday intern op 11th Oct Early"]
[Site "Chess.com INT"]
[Date "2022.10.11"]
[Round "2"]
[White "Ianov, Viktor"]
[Black "Valle, Luis E"]
[Result "1-0"]
[WhiteElo "2251"]
[BlackElo "2268"]
[PlyCount "88"]
[EventDate "2022.10.11"]
[EventType "swiss (blitz)"]
[EventRounds "11"]
[EventCountry "USA"]
[SourceTitle "EXT 2024"]
[Source "ChessBase"]
[SourceDate "2023.10.10"]
[SourceVersion "1"]
[SourceVersionDate "2023.10.10"]
[SourceQuality "1"]

1. Nf3 Nf6 2. g3 d5 3. Bg2 g6 4. b3 Bg7 5. Bb2 0-0 6. c4 c6 7. 0-0 Re8 8. d3 Nbd7 9. Nbd2 e5 10. cxd5 cxd5 11. e4 d4 12. Rc1 b5 13. b4 Bb7 14. Qb3 Rc8 15. Ng5 Qe7 16. f4 h6 17. Ngf3 Ng4 18. fxe5 Ne3 19. Rfe1 Nxe5 20. Nxd4 Nxg2 21. Kxg2 Rcd8 22. Rc5 a6 23. Rf1 Ng4 24. Nc2 Ne5 25. Bxe5 Bxe5 26. Nf3 Bg7 27. Ne3 Qe6 28. Nd5 Bxd5 29. Rxd5 Rxd5 30. exd5 Qe2+ 31. Rf2 Qe3 32. a4 g5 33. h3 h5 34. axb5 axb5 35. d6 Rd8 36. Nd2 Rd7 37. Ne4 g4 38. hxg4 hxg4 39. Qd1 f5 40. Rxf5 Qd4 41. Qxg4 Qb2+ 42. Kh3 Qa1 43. Nf6+ Kh8 44. Qh5+ Bh6 1-0

[Event "Titled Tuesday intern op 11th Oct Early"]
[Site "Chess.com INT"]
[Date "2022.10.11"]
[Round "9"]
[White "Troltenier, Dirk"]
[Black "Ianov, Viktor"]
[Result "0-1"]
[WhiteElo "2234"]
[BlackElo "2251"]
[PlyCount "76"]
[EventDate "2022.10.11"]
[EventType "swiss (blitz)"]
[EventRounds "11"]
[EventCountry "USA"]
[SourceTitle "EXT 2024"]
[Source "ChessBase"]
[SourceDate "2023.10.10"]
[SourceVersion "1"]
[SourceVersionDate "2023.10.10"]
[SourceQuality "1"]

1. e4 d6 2. d4 Nf6 3. Nc3 c6 4. Nf3 Bg4 5. Be2 Nbd7 6. 0-0 e5 7. Be3 Be7 8. a4 0-0 9. Qd2 Re8 10. Rad1 Qc7 11. Rfe1 a5 12. b3 Bf8 13. h3 Bh5 14. g4 Bg6 15. Bd3 Rad8 16. Nh4 exd4 17. Bxd4 Ne5 18. f4 Nxd3 19. cxd3 d5 20. e5 Nd7 21. f5 Nxe5 22. Bxe5 Rxe5 23. fxg6 hxg6 24. Nf3 Rxe1+ 25. Rxe1 Bb4 26. Kg2 d4 27. Nxd4 Rxd4 28. Re8+ Bf8 29. Ne4 Rd8 30. Rxd8 Qxd8 31. Qe3 Qd5 32. Qf3 Qxb3 33. Ng5 f6 34. Ne4 Qxa4 35. g5 Qa2+ 36. Kg3 f5 37. Nf2 Bd6+ 38. Kg2 Bc5 0-1

[Event "Titled Tuesday intern op 04th Oct Early"]
[Site "Chess.com INT"]
[Date "2022.10.04"]
[Round "2"]
[White "Bommini, Mounika Akshaya"]
[Black "Ianov, Viktor"]
[Result "1-0"]
[WhiteElo "2160"]
[BlackElo "2251"]
[PlyCount "41"]
[EventDate "2022.10.04"]
[EventType "swiss (blitz)"]
[EventRounds "11"]
[EventCountry "USA"]
[SourceTitle "EXT 2023"]
[Source "ChessBase"]
[SourceDate "2022.10.05"]
[SourceVersion "1"]
[SourceVersionDate "2022.10.05"]
[SourceQuality "1"]

1. d4 d6 2. c4 g6 3. Nc3 Bg7 4. e4 Nf6 5. f4 0-0 6. Nf3 c5 7. d5 e6 8. dxe6 Bxe6 9. Bd3 Nc6 10. f5 Bd7 11. 0-0 a6 12. Bg5 Qa5 13. a3 Rfe8 14. Qe1 Ng4 15. Qh4 Nge5 16. f6 Bh8 17. Be2 Be6 18. Nxe5 Nxe5 19. Rf4 Nxc4 20. Qh6 Qd8 21. Raf1 1-0

[Event "Titled Tuesday intern op 04th Oct Early"]
[Site "Chess.com INT"]
[Date "2022.10.04"]
[Round "6"]
[White "Ianov, Viktor"]
[Black "Tsatsalashvili, Ketevan"]
[Result "1-0"]
[WhiteElo "2251"]
[BlackElo "2303"]
[PlyCount "87"]
[EventDate "2022.10.04"]
[EventType "swiss (blitz)"]
[EventRounds "11"]
[EventCountry "USA"]
[SourceTitle "EXT 2023"]
[Source "ChessBase"]
[SourceDate "2022.10.05"]
[SourceVersion "1"]
[SourceVersionDate "2022.10.05"]
[SourceQuality "1"]

1. Nf3 Nf6 2. g3 e6 3. Bg2 d5 4. 0-0 c5 5. c4 d4 6. d3 Nc6 7. e3 Be7 8. exd4 cxd4 9. Qe2 0-0 10. Ne5 Qc7 11. Nxc6 bxc6 12. Bf4 Bd6 13. Bxd6 Qxd6 14. Nd2 Rb8 15. b3 c5 16. f4 Re8 17. Rfe1 Bb7 18. Bxb7 Rxb7 19. Qe5 Rd8 20. Qxd6 Rxd6 21. Re5 Nd7 22. Re2 Nf6 23. Ne4 Nxe4 24. Rxe4 f6 25. Rae1 Kf7 26. g4 a5 27. Rb1 a4 28. Re2 Rdb6 29. Reb2 Rb8 30. Kf2 R8b7 31. Kf3 Rb8 32. Ke4 R8b7 33. f5 g6 34. h4 Rb8 35. h5 R8b7 36. hxg6+ hxg6 37. Rh2 exf5+ 38. gxf5 Re7+ 39. Kf4 gxf5 40. Kxf5 Re5+ 41. Kf4 Re3 42. Rhb2 axb3 43. Rxb3 Ra6 44. a3 1-0

[Event "Titled Tuesday intern op 04th Oct Early"]
[Site "Chess.com INT"]
[Date "2022.10.04"]
[Round "7"]
[White "Mrudul, Dehankar"]
[Black "Ianov, Viktor"]
[Result "0-1"]
[WhiteElo "2168"]
[BlackElo "2251"]
[PlyCount "66"]
[EventDate "2022.10.04"]
[EventType "swiss (blitz)"]
[EventRounds "11"]
[EventCountry "USA"]
[SourceTitle "EXT 2023"]
[Source "ChessBase"]
[SourceDate "2022.10.05"]
[SourceVersion "1"]
[SourceVersionDate "2022.10.05"]
[SourceQuality "1"]

1. d4 d6 2. e4 Nf6 3. Nc3 c6 4. Nf3 Bg4 5. Be2 Nbd7 6. Be3 e5 7. h3 Bh5 8. Qd2 Be7 9. 0-0-0 b5 10. d5 b4 11. dxc6 bxc3 12. cxd7+ Qxd7 13. Qxc3 Qb7 14. Bc4 0-0 15. Bd5 Nxd5 16. Rxd5 Rfc8 17. Qb3 Qc6 18. Rhd1 Rab8 19. Qd3 Qa4 20. Kb1 f6 21. Bd2 Bg6 22. Re1 Bf7 23. Ra5 Qd7 24. Rc1 Qb7 25. b3 Bg6 26. Re1 a6 27. Nh4 Bf7 28. Qxa6 Qc7 29. Rc1 g6 30. Nf3 Be6 31. Qd3 Kf7 32. Ra4 Qc6 33. Be3 Qxa4 0-1

[Event "Titled Tuesday intern op 16th Aug Early"]
[Site "Chess.com INT"]
[Date "2022.08.16"]
[Round "8"]
[White "Gubanov, Oleg"]
[Black "Ianov, Viktor"]
[Result "0-1"]
[WhiteElo "2258"]
[BlackElo "2263"]
[PlyCount "43"]
[EventDate "2022.08.16"]
[EventType "swiss (blitz)"]
[EventRounds "11"]
[EventCountry "USA"]
[SourceTitle "EXT 2023"]
[Source "ChessBase"]
[SourceDate "2022.10.05"]
[SourceVersion "1"]
[SourceVersionDate "2022.10.05"]
[SourceQuality "1"]

1. d4 d6 2. e4 Nf6 3. Nc3 c6 4. f4 Qb6 5. Nf3 Bg4 6. Be2 Bxf3 7. Bxf3 e5 8. fxe5 dxe5 9. dxe5 Nfd7 10. e6 fxe6 11. Bd2 Ne5 12. Qe2 Qxb2 13. 0-0 Qxc2 14. Rab1 Bc5+ 15. Kh1 b6 16. Rbc1 Qd3 17. Qe1 Nbd7 18. Na4 0-0 19. Be2 Qxe4 20. Rxf8+ Rxf8 21. Nxc5 Nxc5 22. Qd1 0-1

[Event "Titled Tuesday intern op 16th Aug Early"]
[Site "Chess.com INT"]
[Date "2022.08.16"]
[Round "3"]
[White "Ianov, Viktor"]
[Black "Nathan, Nitish"]
[Result "1-0"]
[WhiteElo "2263"]
[BlackElo "1813"]
[PlyCount "139"]
[EventDate "2022.08.16"]
[EventType "swiss (blitz)"]
[EventRounds "11"]
[EventCountry "USA"]
[SourceTitle "EXT 2023"]
[Source "ChessBase"]
[SourceDate "2022.10.05"]
[SourceVersion "1"]
[SourceVersionDate "2022.10.05"]
[SourceQuality "1"]

1. Nf3 d5 2. g3 Nc6 3. Bg2 e5 4. d3 Nf6 5. 0-0 Be7 6. c4 Be6 7. Ng5 0-0 8. Nxe6 fxe6 9. Nc3 Bb4 10. cxd5 exd5 11. Bg5 Bxc3 12. bxc3 Qd6 13. Qb3 Na5 14. Qa4 Nc6 15. Bxf6 gxf6 16. Qb5 Rfd8 17. Qxb7 Rab8 18. Qa6 Nd4 19. Qxd6 Nxe2+ 20. Kh1 Rxd6 21. c4 dxc4 22. dxc4 Nd4 23. Rab1 Rxb1 24. Rxb1 Rb6 25. Rd1 Rb2 26. c5 Rxf2 27. Rb1 c6 28. Rb8+ Kg7 29. Rb7+ Kg6 30. Rxa7 f5 31. a4 e4 32. Rd7 e3 33. Re7 e2 34. Kg1 e1Q+ 35. Rxe1 Ra2 36. Bxc6 Nxc6 37. Re6+ Kf7 38. Rxc6 Rxa4 39. Kg2 Rc4 40. Kf3 h5 41. h4 Ke7 42. Rc8 Kf6 43. c6 Ke5 44. c7 Kd6 45. Rf8 Rxc7 46. Rxf5 Rh7 47. Kf4 Ke6 48. Rf8 Ke7 49. Ra8 Kf6 50. Ra6+ Kf7 51. Ra7+ Kg6 52. Rxh7 Kxh7 53. Kg5 Kg7 54. Kxh5 Kh7 55. g4 Kg7 56. g5 Kh7 57. Kg4 Kg7 58. h5 Kh7 59. Kf5 Kg7 60. h6+ Kh7 61. Kf6 Kg8 62. g6 Kh8 63. Ke7 Kg8 64. Ke6 Kf8 65. g7+ Kg8 66. Ke7 Kh7 67. Kf7 Kxh6 68. g8Q Kh5 69. Qg3 Kh6 70. Qg6# 1-0

[Event "Titled Tuesday intern op 16th Aug Early"]
[Site "Chess.com INT"]
[Date "2022.08.16"]
[Round "7"]
[White "Ianov, Viktor"]
[Black "Pourkashiyan, Atousa"]
[Result "1/2-1/2"]
[WhiteElo "2263"]
[BlackElo "2322"]
[PlyCount "119"]
[EventDate "2022.08.16"]
[EventType "swiss (blitz)"]
[EventRounds "11"]
[EventCountry "USA"]
[SourceTitle "EXT 2023"]
[Source "ChessBase"]
[SourceDate "2022.10.05"]
[SourceVersion "1"]
[SourceVersionDate "2022.10.05"]
[SourceQuality "1"]

1. Nf3 d5 2. g3 c6 3. Bg2 Nf6 4. 0-0 Bg4 5. d3 e6 6. Nbd2 Nbd7 7. b3 Be7 8. Bb2 0-0 9. a3 a5 10. c4 h6 11. Qc2 Rc8 12. Rfd1 b5 13. Rac1 bxc4 14. bxc4 Rb8 15. e4 Bxf3 16. Nxf3 Qb6 17. Bd4 Qb3 18. cxd5 cxd5 19. e5 Nh7 20. Qc7 Rfd8 21. Qxa5 Qxa3 22. Qxa3 Bxa3 23. Rc7 Rbc8 24. Ra7 Ra8 25. Rxa8 Rxa8 26. Ra1 Ra5 27. Bc3 Ra7 28. d4 Nb6 29. Bf1 Ra8 30. Nd2 Be7 31. Rxa8+ Nxa8 32. h4 Nb6 33. Bd3 Nf8 34. f4 Nfd7 35. Kf2 Na4 36. Ba1 Bb4 37. Nf3 Bc3 38. Bxc3 Nxc3 39. f5 Nb6 40. g4 Nd1+ 41. Ke2 Nb2 42. f6 Nxd3 43. Kxd3 gxf6 44. exf6 Nd7 45. g5 hxg5 46. hxg5 Kh7 47. Nh4 Nb6 48. Ke3 Nc4+ 49. Kf4 Nd6 50. Nf3 Nf5 51. Ne5 Nd6 52. Kg4 Kg8 53. Kh5 Nf5 54. Nf3 Ng3+ 55. Kh6 Ne4 56. Ne5 Kf8 57. Nd7+ Kg8 58. Ne5 Kf8 59. Nd7+ Kg8 60. Ne5 1/2-1/2

[Event "Titled Tuesday intern op 09th Aug Early"]
[Site "Chess.com INT"]
[Date "2022.08.09"]
[Round "3"]
[White "Antonio, Jorge Carlos"]
[Black "Ianov, Viktor"]
[Result "0-1"]
[WhiteElo "2277"]
[BlackElo "2263"]
[PlyCount "66"]
[EventDate "2022.08.09"]
[EventType "swiss (blitz)"]
[EventRounds "11"]
[EventCountry "USA"]
[SourceTitle "EXT 2023"]
[Source "ChessBase"]
[SourceDate "2022.10.05"]
[SourceVersion "1"]
[SourceVersionDate "2022.10.05"]
[SourceQuality "1"]

1. d4 d6 2. Nf3 g6 3. c4 Bg7 4. e4 Bg4 5. Nc3 Nc6 6. Be3 e5 7. d5 Nd4 8. Be2 Bxf3 9. Bxf3 c5 10. dxc6 bxc6 11. 0-0 Ne7 12. b4 0-0 13. Rc1 Qc7 14. a3 f5 15. Bxd4 exd4 16. Ne2 c5 17. exf5 Rab8 18. Nf4 Rxf5 19. Ne6 Qd7 20. Nxg7 Kxg7 21. Bg4 Nc6 22. Bxf5 Qxf5 23. b5 Ne5 24. h3 Rf8 25. a4 h5 26. Qe2 Nd3 27. Rb1 Nf4 28. Qe7+ Rf7 29. Qxd6 Qg5 30. Qc6 Nxh3+ 31. Kh2 Nxf2 32. Rbe1 Qh4+ 33. Kg1 Qh1# 0-1

[Event "Titled Tuesday intern op 09th Aug Early"]
[Site "Chess.com INT"]
[Date "2022.08.09"]
[Round "5"]
[White "Ianov, Viktor"]
[Black "Bilych, Olexiy"]
[Result "0-1"]
[WhiteElo "2263"]
[BlackElo "2387"]
[PlyCount "76"]
[EventDate "2022.08.09"]
[EventType "swiss (blitz)"]
[EventRounds "11"]
[EventCountry "USA"]
[SourceTitle "EXT 2023"]
[Source "ChessBase"]
[SourceDate "2022.10.05"]
[SourceVersion "1"]
[SourceVersionDate "2022.10.05"]
[SourceQuality "1"]

1. Nf3 d5 2. g3 Nd7 3. d4 Nb6 4. Bg2 Bf5 5. 0-0 e6 6. Nc3 Nf6 7. a4 a5 8. Ne5 Be7 9. Re1 h6 10. b3 0-0 11. Bb2 c6 12. f3 Bh7 13. e4 Bb4 14. Re3 Re8 15. Na2 Bf8 16. Qd2 Nbd7 17. Nd3 dxe4 18. fxe4 e5 19. dxe5 Ng4 20. Re2 Ndxe5 21. Rae1 Qb6+ 22. Kh1 Nxd3 23. cxd3 Qxb3 24. Nc1 Qxa4 25. Qf4 Nf6 26. Bxf6 gxf6 27. Rf2 Qb4 28. Ref1 a4 29. Qxf6 Bg6 30. Ne2 Bg7 31. Qh4 a3 32. Nf4 a2 33. Nxg6 fxg6 34. Qg4 a1Q 35. Qxg6 Qe5 36. Rf7 Rf8 37. Bh3 Rxf7 38. Rxf7 Ra1+ 0-1

[Event "Titled Tuesday intern op 09th Aug Early"]
[Site "Chess.com INT"]
[Date "2022.08.09"]
[Round "9"]
[White "Ianov, Viktor"]
[Black "Samarth, J Rao"]
[Result "1-0"]
[WhiteElo "2263"]
[BlackElo "1664"]
[PlyCount "91"]
[EventDate "2022.08.09"]
[EventType "swiss (blitz)"]
[EventRounds "11"]
[EventCountry "USA"]
[SourceTitle "EXT 2023"]
[Source "ChessBase"]
[SourceDate "2022.10.05"]
[SourceVersion "1"]
[SourceVersionDate "2022.10.05"]
[SourceQuality "1"]

1. Nf3 Nf6 2. g3 g6 3. b3 Bg7 4. Bb2 0-0 5. Bg2 d5 6. c4 dxc4 7. bxc4 c5 8. 0-0 Nc6 9. Ne5 Nxe5 10. Bxe5 Nd7 11. Bxg7 Kxg7 12. Nc3 Rb8 13. Rb1 b6 14. Qa4 a5 15. d3 Ne5 16. Rb2 Bd7 17. Qc2 Nc6 18. Bxc6 Bxc6 19. Rfb1 Qc7 20. Na4 Bxa4 21. Qxa4 Rfd8 22. Qa3 Rd6 23. Rb3 Rbd8 24. Qb2+ f6 25. Rxb6 Rd4 26. Re6 Qd7 27. Qb6 Kf7 28. Rc6 Qg4 29. Rb2 h5 30. Qxc5 h4 31. Rc7 R8d7 32. Rxd7 Rxd7 33. Qe3 h3 34. f3 Qf5 35. Rb5 e5 36. Rxa5 Rb7 37. Ra7 Qd7 38. Rxb7 Qxb7 39. Qc1 Qa7+ 40. c5 Qxa2 41. Kf2 Qa7 42. g4 f5 43. gxf5 gxf5 44. Kg3 Kf6 45. Qh6+ Kf7 46. Qh7+ 1-0

[Event "Titled Tuesday intern op 02nd Aug Early"]
[Site "Chess.com INT"]
[Date "2022.08.02"]
[Round "3"]
[White "Ardila, Oscar Humberto"]
[Black "Ianov, Viktor"]
[Result "0-1"]
[WhiteElo "2019"]
[BlackElo "2263"]
[PlyCount "140"]
[EventDate "2022.08.02"]
[EventType "swiss (blitz)"]
[EventRounds "11"]
[EventCountry "USA"]
[SourceTitle "EXT 2023"]
[Source "ChessBase"]
[SourceDate "2022.10.05"]
[SourceVersion "1"]
[SourceVersionDate "2022.10.05"]
[SourceQuality "1"]

1. d4 d6 2. c4 g6 3. Nc3 Bg7 4. Nf3 Bg4 5. e3 c5 6. Be2 cxd4 7. exd4 Nc6 8. Be3 Nh6 9. h3 Bxf3 10. Bxf3 Nf5 11. Bxc6+ bxc6 12. 0-0 0-0 13. Qd2 Rb8 14. Rad1 Qa5 15. b3 c5 16. Nd5 Qxd2 17. Rxd2 cxd4 18. Bg5 e6 19. Ne7+ Kh8 20. g4 Nxe7 21. Bxe7 Rfe8 22. Bxd6 Rb7 23. f4 Rd7 24. Bc5 f5 25. Rfd1 Red8 26. Re1 Rc8 27. Bb4 Rc6 28. Kg2 Kg8 29. Kf3 Kf7 30. Rd3 h5 31. gxh5 gxh5 32. Re2 Bf6 33. Ba3 Ra6 34. Bb4 h4 35. Be1 Rd8 36. Rg2 Rg8 37. Rxg8 Kxg8 38. Rd2 Kf7 39. Bf2 Kg6 40. Bxd4 Bxd4 41. Rxd4 Rxa2 42. Rd6 Kf6 43. c5 Rh2 44. b4 Rxh3+ 45. Kf2 Rb3 46. Rd7 Rxb4 47. Rxa7 Rxf4+ 48. Kg2 Rc4 49. Rc7 Rc3 50. c6 Ke5 51. Rc8 Kf4 52. c7 e5 53. Rh8 Rxc7 54. Rxh4+ Kg5 55. Rh8 e4 56. Kf2 Kf4 57. Rh4+ Ke5 58. Rh8 Rc2+ 59. Kg3 f4+ 60. Kg4 Rg2+ 61. Kh3 Rg1 62. Kh2 Rg6 63. Rh5+ Kd4 64. Kh3 f3 65. Kh2 e3 66. Rf5 f2 67. Rf4+ Kd3 68. Rf7 Ke2 69. Re7 f1R 70. Rxe3+ Kxe3 0-1

[Event "Titled Tuesday intern op 02nd Aug Early"]
[Site "Chess.com INT"]
[Date "2022.08.02"]
[Round "8"]
[White "Barria Zuniga, Daniel"]
[Black "Ianov, Viktor"]
[Result "0-1"]
[WhiteElo "2341"]
[BlackElo "2263"]
[PlyCount "112"]
[EventDate "2022.08.02"]
[EventType "swiss (blitz)"]
[EventRounds "11"]
[EventCountry "USA"]
[SourceTitle "EXT 2023"]
[Source "ChessBase"]
[SourceDate "2022.10.05"]
[SourceVersion "1"]
[SourceVersionDate "2022.10.05"]
[SourceQuality "1"]

1. d4 d6 2. e4 Nf6 3. Nc3 c6 4. Be3 Ng4 5. Bg5 Qb6 6. Qd2 Qxb2 7. Rb1 Qa3 8. Bc4 e6 9. Nge2 Nd7 10. 0-0 h6 11. Bh4 g5 12. Bg3 Ngf6 13. f4 d5 14. Bd3 g4 15. f5 Bb4 16. fxe6 fxe6 17. exd5 Nxd5 18. Rb3 Qa5 19. Bg6+ Kd8 20. Qd3 b6 21. Ne4 Ba6 22. c4 Qxa2 23. Nd6 Bxd6 24. Bxd6 Qa4 25. Rc1 Ne7 26. Bh5 Nf5 27. Be5 Nxe5 28. dxe5+ Kc7 29. Nf4 Rae8 30. Bxe8 Rxe8 31. Rbb1 Qa5 32. Kh1 Qxe5 33. g3 Qd4 34. Qxd4 Nxd4 35. Ra1 Kb7 36. Ra2 e5 37. Rca1 Nb3 38. Rxa6 Nxa1 39. Rxa1 exf4 40. gxf4 Re4 41. Rf1 Rxc4 42. f5 Rd4 43. Kg2 Rd8 44. Kg3 a5 45. Kxg4 b5 46. Kh5 a4 47. Kxh6 b4 48. Kg7 b3 49. f6 c5 50. f7 c4 51. f8Q Rxf8 52. Kxf8 c3 53. h4 c2 54. h5 b2 55. h6 c1Q 56. h7 Qxf1+ 0-1